000 01258nam a22002657a 4500
003 AR-RoUNCS
005 20260212093440.0
008 130423s2005 ag r 001 f spa
015 _aAR-2005
020 _a987-04-0234-8
040 _aAR-BaBN
_bspa
_cAR-RoUNCs
_eaacr
080 0 _a82-31(469)
_22016
100 1 _aSaramago, José,
_d1922-2010
_eautor
_4aut
245 1 4 _aLas intermitencias de la muerte /
_cJosé Saramago ; traducción de Pilar del Río.
250 _a1a ed.
260 _aBuenos Aires :
_bAlfaguara,
_c2005.
300 _a278 p. ;
_c21 cm.
490 0 _aBiblioteca José Saramago.
500 _aTítulo original: "As intermitências da morte".
520 3 _aEn un país cuyo nombre no será mencionado se produce algo nunca visto desde el principio del mundo: la muerte decide suspender su trabajo letal, la gente deja de morir. La euforia colectiva se desata, pero muy pronto dará paso a la desesperación y al caos. Sobran los motivos. Si es cierto que las personas ya no mueren, eso no significa que el tiempo haya parado. El destino de los humanos será una vejez eterna.
650 7 _2embne
_aLiteratura portuguesa
655 7 _aNovelas
_xRealismo mágico (Literatura)
700 1 _aRío, Pilar del
_etr.
942 _2udc
_cOG
_n0
999 _c899
_d899